000 00723nam a22002297a 4500
999 _c7216
_d7216
003 AR-CdUCM
008 190320b ||||| |||| 00| 0 spa d
020 _a978-987-26919-6-7
040 _aMUNICIPALIDAD PROVINCIAL DEL CUSCO
_cBIBLIOTECA MUNICIPAL DEL CUSCO
082 _a140.02 /
_bC37
100 _aCedeño, Ruben
_916470
245 _aMetafísica avanzada /
260 _aCordova :
_bIndependencia,
_c2011.
300 _a239 páginas ;
_c21 cm.
440 _aColección infaltables
_920342
505 _aContenido : Yo personal -- Vacio -- Anicca -- Renuncia -- Observación ...
650 _aMetefisica
_920343
650 _aHumana
_919436
650 _aPsicología
_91538
942 _2ddc
_cLIBROS
945 _arah